000 00944nam a2200289Ia 4500
003 GCL
008 140319s9999 xx 000 0 ara d
020 _a?270302977
040 _aGCL /
_cGCL
082 0 4 _a189.9
_bع ت
100 1 _aعبدالحليم محمود
245 1 0 _aالتفكير الفلسفى فى الاسلام /
_cعبدالحليم محمود
250 _aالثانية
260 _aالقاهرة :
_bدار المعارف ،
_c1989
300 _a310 ص ؛
_c24 سم
650 0 4 _aالفلسفة الاسلامية
650 0 4 _aالفلسفة
650 0 4 _aالوحدانية
650 0 4 _aالفلسفة اليونانية
650 0 4 _aالفلاسفة المسلمون
650 0 4 _aالمعرفة
650 0 4 _aتصوف الفلاسفة
650 0 4 _aالفلاسفة العرب
650 0 4 _aالفلسفة السامية
650 0 4 _aما وراء الطبيعة, علم
942 _2ddc
_cBK
999 _c27522
_d27522